Vật lý đại cương Soạn theo chương trình đã được bộ Đại học và trung học chuyên nghiệp duyệt. Dùng cho học sinh đại học kỹ thuật Tập 1 Cơ - Nhiệt
Động học chất điểm. Động lực học chất điểm. Cơ Năng. Trường hấp dẫn..; Cơ học vật rắn. Động học phần tử các chất khí
में बचाया:
| मुख्य लेखक: | |
|---|---|
| अन्य लेखक: | , , , |
| स्वरूप: | पुस्तक |
| भाषा: | Vietnamese |
| प्रकाशित: |
H.
Đại học và trung học chuyên nghiệp
1985
|
| संस्करण: | In lần thứ 3, có chỉnh sửa và bổ sung |
| विषय: | |
| टैग : |
टैग जोड़ें
कोई टैग नहीं, इस रिकॉर्ड को टैग करने वाले पहले व्यक्ति बनें!
|
| Thư viện lưu trữ: | Mạng thư viện Đại học Đà Nẵng |
|---|
| LEADER | 01795nam a2200421 4500 | ||
|---|---|---|---|
| 001 | 000008974 | ||
| 003 | 5168 | ||
| 005 | 20120604080655.0 | ||
| 008 | 111024s1985 viesd | ||
| 020 | |c 26đ | ||
| 041 | 0 | |a vie | |
| 082 | |a 530.4 |b Vât | ||
| 100 | 0 | |a Ngô Phú An | |
| 245 | 1 | 0 | |a Vật lý đại cương |b Soạn theo chương trình đã được bộ Đại học và trung học chuyên nghiệp duyệt. Dùng cho học sinh đại học kỹ thuật |c Ngô Phú An, Lương Duyên bình, Đỗ Khắc Chung, Lê Văn Nghĩa, Nguyến Hữu Tăng |n Tập 1 |p Cơ - Nhiệt |
| 250 | |a In lần thứ 3, có chỉnh sửa và bổ sung | ||
| 260 | |a H. |b Đại học và trung học chuyên nghiệp |c 1985 | ||
| 300 | |a 193tr |c 27cm | ||
| 504 | |a Mục lục tr191 | ||
| 520 | |a Động học chất điểm. Động lực học chất điểm. Cơ Năng. Trường hấp dẫn..; Cơ học vật rắn. Động học phần tử các chất khí | ||
| 653 | |a Vật lý đại cương | ||
| 653 | |a Cơ | ||
| 653 | |a Nhiệt | ||
| 700 | |a Lương Duyên bình |e Biên soạn | ||
| 700 | |a Đỗ Khắc Chung, |e Biên soạn | ||
| 700 | |a Lê Văn Nghĩa, |e Biên soạn | ||
| 700 | |a Nguyến Hữu Tăng |e Biên soạn | ||
| 773 | |t Vật lý đại cương |w 5165 | ||
| 910 | |a Thương |d 24/10/2011 | ||
| OWN | |a LSP | ||
| AVA | |a UDN50 |b LSP |d 530.4 Vât |e unavailable |t Error 5002 Not defined in file expand_doc_bib_avail. |f 1 |g 1 |h N |i 0 |k 1 | ||
| 999 | |a From the UDN01 | ||
| AVA | |a UDN50 |b LSP |d 530.4 Vât |e unavailable |t Error 5002 Not defined in file expand_doc_bib_avail. |f 1 |g 1 |h N |i 0 |k 1 | ||
| TYP | |a Monograph | ||
| TYP | |a Printed language | ||
| 980 | |a Mạng thư viện Đại học Đà Nẵng | ||